000
002870000a22001330004500
003
MACL
040
_a
MACL
090
_c
37033
_d
37031
100
_a
Moore, Thomas
245
_a
The Poetical Works
260
_b
Longaman Green Longman
_c
1860
650
_a
Poetries
942
_c
BOOK
_k
821/Moo
999
_c
36634
_d
36634